| Tag |
First Indicator |
Second Indicator |
Subfields |
| LEADER |
00000cgm a2200000Ia 4500 |
| 001 |
in00002523521 |
| 005 |
20151111073429.0 |
| 007 |
vd mvaiz| |
| 008 |
080819s2006 meu060 vleng d |
| 035 |
|
|
|a (OCoLC)ocn244114022
|
| 035 |
|
|
|a (OCoLC)244114022
|
| 037 |
|
|
|b Iceblink LLC, http://www.iceblinksail.com
|
| 040 |
|
|
|a UDU
|c UDU
|d UDU
|d UtOrBLW
|
| 049 |
|
|
|a TXAM
|
| 090 |
|
|
|a G608
|b .I24 2006
|
| 245 |
0 |
0 |
|a Ice blink /
|c a Seaworthy Production.
|
| 264 |
|
0 |
|a Falmouth, Me. :
|b SeaWorthy Productions ;
|c [2006]
|
| 264 |
|
2 |
|a Bremen, Me. :
|b Iceblink LLC [distributor],
|
| 264 |
|
4 |
|c ©2006
|
| 300 |
|
|
|a 1 videodisc (approximately 60 min.) :
|b sound, color ;
|c 4 3/4 in.
|
| 336 |
|
|
|a two-dimensional moving image
|b tdi
|2 rdacontent
|
| 337 |
|
|
|a video
|b v
|2 rdamedia
|
| 338 |
|
|
|a videodisc
|b vd
|2 rdacarrier
|
| 538 |
|
|
|a DVD.
|
| 500 |
|
|
|a Title from title frames.
|
| 500 |
|
|
|a "A family navigating life's ice-clogged waters."
|
| 520 |
|
|
|a The Martin family's life and journey through Arctic regions in a 33-foot sloop.
|
| 500 |
|
|
|a Videorecording.
|
| 600 |
1 |
0 |
|a Martin, Dave,
|d 1962 or 1963-
|x Travel
|z Arctic regions.
|
| 600 |
1 |
0 |
|a Martin, Jaja
|x Travel
|z Arctic regions.
|
| 651 |
|
0 |
|a Arctic regions
|x Description and travel.
|
| 610 |
2 |
0 |
|a Driver (Sloop)
|
| 650 |
|
0 |
|a Children and the sea.
|
| 650 |
|
0 |
|a Families.
|
| 655 |
|
7 |
|a Nonfiction films.
|2 lcgft
|
| 655 |
|
7 |
|a Documentary films.
|2 lcgft
|
| 655 |
|
7 |
|a Biographical films.
|2 lcgft
|
| 700 |
1 |
|
|a Martin, Dave,
|d 1962 or 1963-
|
| 700 |
1 |
|
|a Martin, Jaja.
|
| 710 |
2 |
|
|a SeaWorthy Productions.
|
| 710 |
2 |
|
|a Iceblink LLC.
|
| 994 |
|
|
|a C0
|b TXA
|
| 948 |
|
|
|a cataloged
|b h
|c 2009/10/19
|d c
|e blrosas
|f 9:14:05 am
|
| 999 |
|
|
|a MARS
|
| 999 |
f |
f |
|s 861364b4-ec0d-319a-a721-005feb69f910
|i 5d26c553-5472-307e-bd80-280da367e45f
|t 0
|
| 952 |
f |
f |
|p ric
|a Texas A&M University
|b Rellis Campus
|c Joint Library Facility
|d Remote Storage
|t 0
|e G608 .I24 2006
|h Library of Congress classification
|i video -- videodisc
|m A14838942762
|
| 998 |
f |
f |
|a G608 .I24 2006
|t 0
|l Remote Storage
|